| 000 | 00391 a2200157 4500 | ||
|---|---|---|---|
| 001 | 84782 | ||
| 082 | _a512FIS | ||
| 090 |
_c40075 _d40074 |
||
| 100 | _aFisher, Robert C. | ||
| 245 |
_aIntegrated Algebra and Trigonometry _cFisher, Robert C. |
||
| 250 | _a1 | ||
| 260 |
_aUSA _bPrentice Hall _c1957 |
||
| 300 |
_a427 p. _bphotocopy |
||
| 500 | _aDOS BS Textbooks | ||
| 600 | _aAllen D Ziebur | ||
| 942 |
_aNUST-CAE _k512FIS |
||
| 999 |
_c319855 _d319855 |
||